III. symfónia partitúra /

Uložené v:
Podrobná bibliografia
Hlavný autor: Zeljenka, Ilja, 1932-2007 (Composer)
Médium: Hudobnina
Jazyk:Slovak
Vydané: Bratislava : Opus, 1979.
Vydanie:Vyd. 1.
ISBN: (brož.)
Fyzický popis: 157 s.
Tagy: Pridať tag
Žiadne tagy, Buďte prvý kto otaguje tento záznam!

MARC

LEADER 00000ncm a2200000 a 4500
001 000120121
005 20101213185531.0
008 060830s1979 xo e slo d
020 |a (brož.)  |c Kčs 86,50 
040 |a SVKKK  |b slo  |c SVKKK  |e AACR2 
041 0 |a slo 
043 |a e-xo--- 
044 |a xo  |c SK 
100 1 |a Zeljenka, Ilja,  |d 1932-2007  |4 cmp 
245 1 0 |a III. symfónia  |h hudobnina  |b partitúra /  |c Ilja Zeljenka. 
246 1 1 |a III. Symphonie 
246 3 0 |a Tretia symphónia 
250 |a Vyd. 1. 
260 |a Bratislava :  |b Opus,  |c 1979. 
300 |a 157 s. 
500 |a Názov a autor z obálky 
546 |a Súbežný nem. názov 
910 |a svkkk 
998 |a MU 
090 |g SCKHL  |k Sklad Hlavná 10 suterén  |a VI.1028  |j 649168  |i B209146  |s Absenčne 
090 |g SCKHL  |k Sklad Hlavná 10 suterén  |a VI.942  |j 606066  |i B209084  |s Absenčne